Biggest cities by population starting with K - Statistics

General Stats
  • This quiz has been taken 35 times
  • The average score is 13 of 21
Answer Stats
Population Country Answer % Correct
~3,043,500 Afghanistan Kabul
100%
~2,797,600 Ukraine Kyiv
100%
~1,974,600 Sudan Khartoum
97%
~7,786,000 DRC Kinshasa
97%
~11,624,200 Pakistan Karachi
94%
~1,454,000 Malaysia Kuala Lumpur
94%
~1,442,300 Nepal Kathmandu
88%
~4,631,400 India Kolkata
88%
~1,459,600 Japan Kyoto
88%
~1,430,900 Ukraine Kharkiv
78%
~1,353,200 Uganda Kampala
75%
~3,626,100 Nigeria Kano
75%
~1,104,700 Russia Kazan
47%
~3,855,300 China Kunming
47%
~1,468,600 Ghana Kumasi
41%
~2,823,200 India Kanpur
34%
~1,582,100 Nigeria Kaduna
31%
~1,448,100 Iran Karaj
13%
~1,342,300 Bangladesh Khulna
9%
~1,460,000 Malaysia Kota Bharu
0%
~1,600,000 China Kunshan
0%
No matching quizzes found
Score Distribution
Percent of People with Each Score
Percentile by Number Answered
Your Score History
You have not taken this quiz